00952nam a22001817a 4500008004100000020001800041050001600059100003300075245007700108260003000185300003300215504003300248505036200281650002300643650002600666650004100692700003700733160809s2011 mx d|||fr|||| 00| 0 spa d a978607762080804aHG4026bA931 aAyala Brito, Gamalieleautor10aFinanzas bursátilesc / Gamaliel Ayala Brito, Betel Becerril Sánchez3 aMéxicob : IMCPc, 2011 a288 páginasb : gráficas a(Bibliografía pp. 280-282) aSistema financiero y mercado de valores Análisis económico financiero Rendimientos financieros Análisis financiero fundamental Mercado de dinero Mercado de capitales Mercado de productos derivados Análisis de portafolio de inversión Contabilidad de instrumentos financieros derivados y operaciones de cobertura Ética en los negocios bursátiles14aFINANZASzMÉXICO14aINVERSIONESzMÉXICO14aEMPRESASxFINANZASxADMINISTRACIÓN1 aBecerril Sánchez, Beteleautor